[Event "April 9 Early 2024"]
[Site "Chess.com"]
[Date "2024.04.09"]
[Round "2"]
[White "Schmakel, Sam"]
[Black "Munoz, Miguel"]
[Result "0-1"]
[Board "68"]
[WhiteFideId "2039311"]
[BlackFideId "3800229"]
[WhiteTitle "IM"]
[BlackTitle "GM"]
[WhiteElo "2846"]
[BlackElo "2577"]
[WhiteTeam "USA"]
[BlackTeam "PER"]
[WhiteClock "0:00:41"]
[BlackClock "0:01:23"]
[Variant "Standard"]

1. e4 {[%clk 0:03:00]}  d5 {[%clk 0:02:57]} 2. exd5 {[%clk 0:03:00]}  Qxd5 {[%clk 0:02:58]} 3. Nc3 {[%clk 0:03:01]}  Qa5 {[%clk 0:02:58]} 4. d4 {[%clk 0:03:01]}  Nf6 {[%clk 0:02:59]} 5. Nf3 {[%clk 0:03:01]}  Bg4 {[%clk 0:02:59]} 6. h3 {[%clk 0:03:02]}  Bxf3 {[%clk 0:02:59]} 7. Qxf3 {[%clk 0:03:02]}  c6 {[%clk 0:02:59]} 8. Bd2 {[%clk 0:02:54]}  Nbd7 {[%clk 0:02:57]} 9. O-O-O {[%clk 0:02:54]}  e6 {[%clk 0:02:53]} 10. Bc4 {[%clk 0:02:37]}  Bb4 {[%clk 0:02:51]} 11. a3 {[%clk 0:02:36]}  Bxc3 {[%clk 0:02:49]} 12. Bxc3 {[%clk 0:02:37]}  Qc7 {[%clk 0:02:49]} 13. g4 {[%clk 0:02:30]}  O-O {[%clk 0:02:45]} 14. Bd3 {[%clk 0:02:19]}  b5 {[%clk 0:02:34]} 15. g5 {[%clk 0:02:14]}  Nd5 {[%clk 0:02:27]} 16. Bd2 {[%clk 0:02:15]}  Rae8 {[%clk 0:02:20]} 17. h4 {[%clk 0:02:06]}  e5 {[%clk 0:02:16]} 18. Qf5 {[%clk 0:01:46]}  g6 {[%clk 0:02:13]} 19. Qg4 {[%clk 0:01:47]}  f5 {[%clk 0:02:10]} 20. gxf6 {[%clk 0:01:45]}  N7xf6 {[%clk 0:02:07]} 21. Qg2 {[%clk 0:01:34]}  e4 {[%clk 0:02:04]} 22. Bf1 {[%clk 0:01:34]}  Nh5 {[%clk 0:01:52]} 23. Re1 {[%clk 0:01:34]}  Nhf4 {[%clk 0:01:48]} 24. Qg3 {[%clk 0:01:30]}  Qg7 {[%clk 0:01:43]} 25. c4 {[%clk 0:01:21]}  bxc4 {[%clk 0:01:37]} 26. Bxc4 {[%clk 0:01:22]}  Qxd4 {[%clk 0:01:37]} 27. Bxd5+ {[%clk 0:01:13]}  Nxd5 {[%clk 0:01:34]} 28. h5 {[%clk 0:01:13]}  Rxf2 {[%clk 0:01:30]} 29. Rd1 {[%clk 0:01:06]}  e3 {[%clk 0:01:28]} 30. hxg6 {[%clk 0:00:59]}  Rxd2 {[%clk 0:01:27]} 31. gxh7+ {[%clk 0:00:57]}  Kh8 {[%clk 0:01:25]} 32. Rxd2 {[%clk 0:00:41]}  exd2+ {[%clk 0:01:23]} 0-1

[Event "April 9 Early 2024"]
[Site "Chess.com"]
[Date "2024.04.09"]
[Round "2"]
[White "Iljin, Timofey"]
[Black "Galchenko, Matvey"]
[Result "0-1"]
[Board "69"]
[WhiteFideId "14110180"]
[BlackFideId "24175480"]
[WhiteTitle "IM"]
[BlackTitle "IM"]
[WhiteElo "2575"]
[BlackElo "2840"]
[WhiteTeam "UKR"]
[BlackTeam "FID"]
[WhiteClock "0:00:06"]
[BlackClock "0:00:08"]
[Variant "Standard"]

1. e4 {[%clk 0:03:00]}  e6 {[%clk 0:02:58]} 2. d4 {[%clk 0:03:00]}  d5 {[%clk 0:02:59]} 3. Nd2 {[%clk 0:03:01]}  a6 {[%clk 0:02:58]} 4. c3 {[%clk 0:02:59]}  c5 {[%clk 0:02:58]} 5. Ngf3 {[%clk 0:02:59]}  Nf6 {[%clk 0:02:55]} 6. Bd3 {[%clk 0:02:59]}  Nc6 {[%clk 0:02:55]} 7. O-O {[%clk 0:03:00]}  cxd4 {[%clk 0:02:56]} 8. cxd4 {[%clk 0:03:00]}  dxe4 {[%clk 0:02:56]} 9. Nxe4 {[%clk 0:03:01]}  Be7 {[%clk 0:02:57]} 10. Nc3 {[%clk 0:03:01]}  b5 {[%clk 0:02:54]} 11. a3 {[%clk 0:03:01]}  Bb7 {[%clk 0:02:55]} 12. Re1 {[%clk 0:03:01]}  O-O {[%clk 0:02:50]} 13. Bb1 {[%clk 0:03:01]}  Rc8 {[%clk 0:02:42]} 14. Qd3 {[%clk 0:03:01]}  Na5 {[%clk 0:02:36]} 15. Ne5 {[%clk 0:03:00]}  Nc4 {[%clk 0:02:28]} 16. Qh3 {[%clk 0:02:25]}  Qxd4 {[%clk 0:01:49]} 17. Nxc4 {[%clk 0:02:02]}  Rxc4 {[%clk 0:01:39]} 18. Bd3 {[%clk 0:01:51]}  Rc5 {[%clk 0:01:26]} 19. Rd1 {[%clk 0:01:41]}  Qe5 {[%clk 0:01:01]} 20. Be3 {[%clk 0:01:35]}  Rcc8 {[%clk 0:01:01]} 21. Bxh7+ {[%clk 0:00:48]}  Nxh7 {[%clk 0:00:59]} 22. Rd7 {[%clk 0:00:48]}  Rc7 {[%clk 0:00:30]} 23. Bd4 {[%clk 0:00:25]}  Qf4 {[%clk 0:00:10]} 24. Be3 {[%clk 0:00:21]}  Qxe3 {[%clk 0:00:08]} 25. Rxc7 {[%clk 0:00:16]}  Qxh3 {[%clk 0:00:08]} 26. gxh3 {[%clk 0:00:16]}  Ba8 {[%clk 0:00:03]} 27. Rxe7 {[%clk 0:00:16]}  Ng5 {[%clk 0:00:04]} 28. Rd1 {[%clk 0:00:09]}  Nxh3+ {[%clk 0:00:04]} 29. Kf1 {[%clk 0:00:10]}  Nf4 {[%clk 0:00:05]} 30. Rdd7 {[%clk 0:00:09]}  Ng6 {[%clk 0:00:04]} 31. b4 {[%clk 0:00:02]}  Nxe7 {[%clk 0:00:04]} 32. Rxe7 {[%clk 0:00:03]}  Rc8 {[%clk 0:00:05]} 33. Ne2 {[%clk 0:00:02]}  Bd5 {[%clk 0:00:06]} 34. Nf4 {[%clk 0:00:03]}  Bc4+ {[%clk 0:00:06]} 35. Kg2 {[%clk 0:00:03]}  Kf8 {[%clk 0:00:06]} 36. Ra7 {[%clk 0:00:04]}  Rc6 {[%clk 0:00:06]} 37. h4 {[%clk 0:00:04]}  e5 {[%clk 0:00:06]} 38. Nh3 {[%clk 0:00:03]}  Rg6+ {[%clk 0:00:06]} 39. Kf3 {[%clk 0:00:02]}  Bd5+ {[%clk 0:00:05]} 40. Ke3 {[%clk 0:00:03]}  Rc6 {[%clk 0:00:06]} 41. Ng5 {[%clk 0:00:03]}  f6 {[%clk 0:00:06]} 42. Nh3 {[%clk 0:00:03]}  Rc3+ {[%clk 0:00:06]} 43. Kd2 {[%clk 0:00:03]}  Rxh3 {[%clk 0:00:07]} 44. Rxa6 {[%clk 0:00:04]}  Bc4 {[%clk 0:00:07]} 45. Ra7 {[%clk 0:00:05]}  Rxh4 {[%clk 0:00:08]} 46. a4 {[%clk 0:00:05]}  bxa4 {[%clk 0:00:08]} 47. Rc7 {[%clk 0:00:06]}  Bb5 {[%clk 0:00:08]} 48. Rc5 {[%clk 0:00:06]}  Rxb4 {[%clk 0:00:08]} 0-1

[Event "April 9 Early 2024"]
[Site "Chess.com"]
[Date "2024.04.09"]
[Round "2"]
[White "Al-Tarboush, Ward"]
[Black "Alonso Rosell, Alvar"]
[Result "0-1"]
[Board "73"]
[WhiteFideId "7601450"]
[BlackFideId "2270544"]
[WhiteTitle "FM"]
[BlackTitle "GM"]
[WhiteElo "2574"]
[BlackElo "2837"]
[WhiteTeam "NOR"]
[BlackTeam "ESP"]
[WhiteClock "0:00:00"]
[BlackClock "0:01:01"]
[Variant "Standard"]

1. e4 {[%clk 0:03:00]}  e5 {[%clk 0:02:58]} 2. Nf3 {[%clk 0:03:01]}  Nc6 {[%clk 0:02:58]} 3. Bb5 {[%clk 0:03:01]}  a6 {[%clk 0:02:59]} 4. Ba4 {[%clk 0:03:01]}  d6 {[%clk 0:02:59]} 5. O-O {[%clk 0:02:58]}  Bd7 {[%clk 0:02:59]} 6. c3 {[%clk 0:02:51]}  g6 {[%clk 0:02:59]} 7. d4 {[%clk 0:02:47]}  Bg7 {[%clk 0:02:59]} 8. Re1 {[%clk 0:02:46]}  Nf6 {[%clk 0:02:57]} 9. Nbd2 {[%clk 0:02:44]}  O-O {[%clk 0:02:56]} 10. Nf1 {[%clk 0:02:44]}  b5 {[%clk 0:02:51]} 11. Bb3 {[%clk 0:02:42]}  exd4 {[%clk 0:02:51]} 12. cxd4 {[%clk 0:02:40]}  Bg4 {[%clk 0:02:51]} 13. Be3 {[%clk 0:02:34]}  Na5 {[%clk 0:02:44]} 14. h3 {[%clk 0:02:28]}  Nxb3 {[%clk 0:02:35]} 15. axb3 {[%clk 0:02:24]}  Bd7 {[%clk 0:02:35]} 16. e5 {[%clk 0:02:22]}  Nd5 {[%clk 0:02:35]} 17. Ng3 {[%clk 0:02:13]}  Re8 {[%clk 0:02:32]} 18. Bg5 {[%clk 0:02:12]}  f6 {[%clk 0:02:32]} 19. exf6 {[%clk 0:02:09]}  Bxf6 {[%clk 0:02:33]} 20. Qd2 {[%clk 0:01:52]}  Rxe1+ {[%clk 0:02:24]} 21. Rxe1 {[%clk 0:01:52]}  Qf8 {[%clk 0:02:24]} 22. Bh6 {[%clk 0:01:49]}  Bg7 {[%clk 0:02:19]} 23. Bxg7 {[%clk 0:01:46]}  Qxg7 {[%clk 0:02:17]} 24. Qg5 {[%clk 0:01:39]}  Bc6 {[%clk 0:02:08]} 25. h4 {[%clk 0:01:33]}  Rf8 {[%clk 0:02:00]} 26. h5 {[%clk 0:01:32]}  gxh5 {[%clk 0:01:59]} 27. Qxg7+ {[%clk 0:00:49]}  Kxg7 {[%clk 0:02:00]} 28. Nxh5+ {[%clk 0:00:49]}  Kh6 {[%clk 0:02:00]} 29. Ng3 {[%clk 0:00:42]}  Re8 {[%clk 0:01:59]} 30. Ne2 {[%clk 0:00:28]}  Nb4 {[%clk 0:01:50]} 31. Nc3 {[%clk 0:00:23]}  Rg8 {[%clk 0:01:46]} 32. Re6+ {[%clk 0:00:22]}  Rg6 {[%clk 0:01:44]} 33. Rxg6+ {[%clk 0:00:19]}  Kxg6 {[%clk 0:01:45]} 34. Ne1 {[%clk 0:00:17]}  Kf5 {[%clk 0:01:42]} 35. f3 {[%clk 0:00:16]}  Be8 {[%clk 0:01:42]} 36. Kf2 {[%clk 0:00:16]}  Bf7 {[%clk 0:01:43]} 37. g4+ {[%clk 0:00:13]}  Kf6 {[%clk 0:01:42]} 38. Ne4+ {[%clk 0:00:12]}  Ke7 {[%clk 0:01:39]} 39. Nd2 {[%clk 0:00:12]}  h5 {[%clk 0:01:28]} 40. g5 {[%clk 0:00:10]}  Ke6 {[%clk 0:01:25]} 41. Ng2 {[%clk 0:00:07]}  Kf5 {[%clk 0:01:22]} 42. f4 {[%clk 0:00:04]}  Bd5 {[%clk 0:01:16]} 43. Kg3 {[%clk 0:00:02]}  Bxg2 {[%clk 0:01:14]} 44. Kxg2 {[%clk 0:00:03]}  Nd5 {[%clk 0:01:14]} 45. Kf3 {[%clk 0:00:01]}  Nxf4 {[%clk 0:01:13]} 46. Ne4 {[%clk 0:00:02]}  Ne6 {[%clk 0:01:12]} 47. Ng3+ {[%clk 0:00:01]}  Kxg5 {[%clk 0:01:12]} 48. Ne4+ {[%clk 0:00:01]}  Kg6 {[%clk 0:01:10]} 49. d5 {[%clk 0:00:01]}  Nd4+ {[%clk 0:01:10]} 50. Kf4 {[%clk 0:00:02]}  Nxb3 {[%clk 0:01:11]} 51. Ng5 {[%clk 0:00:02]}  Nc5 {[%clk 0:01:10]} 52. Nf3 {[%clk 0:00:02]}  Nd3+ {[%clk 0:01:10]} 53. Ke3 {[%clk 0:00:02]}  Nxb2 {[%clk 0:01:10]} 54. Nd4 {[%clk 0:00:01]}  Nc4+ {[%clk 0:01:09]} 55. Ke4 {[%clk 0:00:01]}  Kf6 {[%clk 0:01:02]} 56. Ne6 {[%clk 0:00:01]}  c5 {[%clk 0:01:01]} 57. Nc7 {[%clk 0:00:01]}  b4 {[%clk 0:01:01]} 58. Nxa6 {[%clk 0:00:02]}  b3 {[%clk 0:01:01]} 59. Nxc5 {[%clk 0:00:00]}  dxc5 {[%clk 0:01:01]} 0-1

[Event "April 9 Early 2024"]
[Site "Chess.com"]
[Date "2024.04.09"]
[Round "2"]
[White "Onyshchuk, Volodymyr"]
[Black "Asish Panda"]
[Result "1-0"]
[Board "74"]
[WhiteFideId "14114038"]
[BlackFideId "45012458"]
[WhiteTitle "GM"]
[WhiteElo "2834"]
[BlackElo "2574"]
[WhiteTeam "UKR"]
[BlackTeam "IND"]
[WhiteClock "0:00:31"]
[BlackClock "0:00:04"]
[Variant "Standard"]

1. e4 {[%clk 0:03:00]}  e6 {[%clk 0:02:59]} 2. d4 {[%clk 0:03:00]}  d5 {[%clk 0:02:59]} 3. Bd3 {[%clk 0:03:01]}  c5 {[%clk 0:02:50]} 4. exd5 {[%clk 0:02:57]}  Qxd5 {[%clk 0:02:48]} 5. Nc3 {[%clk 0:02:55]}  Qd8 {[%clk 0:02:42]} 6. Nf3 {[%clk 0:02:49]}  Nf6 {[%clk 0:02:38]} 7. Bf4 {[%clk 0:02:43]}  cxd4 {[%clk 0:02:35]} 8. Nxd4 {[%clk 0:02:40]}  Bb4 {[%clk 0:02:25]} 9. Nb5 {[%clk 0:02:29]}  Nd5 {[%clk 0:02:14]} 10. Bd2 {[%clk 0:02:27]}  O-O {[%clk 0:01:44]} 11. a3 {[%clk 0:02:11]}  Nxc3 {[%clk 0:01:36]} 12. Nxc3 {[%clk 0:02:10]}  Be7 {[%clk 0:01:31]} 13. Qh5 {[%clk 0:02:10]}  g6 {[%clk 0:01:27]} 14. Qe2 {[%clk 0:01:57]}  Nc6 {[%clk 0:01:25]} 15. h4 {[%clk 0:01:54]}  Nd4 {[%clk 0:01:18]} 16. Qe3 {[%clk 0:01:48]}  Bc5 {[%clk 0:01:02]} 17. Qh6 {[%clk 0:01:45]}  Nf5 {[%clk 0:00:56]} 18. Bxf5 {[%clk 0:01:41]}  exf5 {[%clk 0:00:56]} 19. O-O-O {[%clk 0:01:41]}  Qf6 {[%clk 0:00:46]} 20. Nd5 {[%clk 0:01:36]}  Qg7 {[%clk 0:00:46]} 21. Qxg7+ {[%clk 0:01:11]}  Kxg7 {[%clk 0:00:44]} 22. Bc3+ {[%clk 0:01:11]}  f6 {[%clk 0:00:42]} 23. Rhe1 {[%clk 0:01:09]}  Rf7 {[%clk 0:00:35]} 24. Re8 {[%clk 0:00:57]}  b6 {[%clk 0:00:26]} 25. Nxf6 {[%clk 0:00:52]}  Rxf6 {[%clk 0:00:22]} 26. Rdd8 {[%clk 0:00:52]}  Kf7 {[%clk 0:00:15]} 27. Bxf6 {[%clk 0:00:50]}  Kxf6 {[%clk 0:00:12]} 28. Rxc8 {[%clk 0:00:50]}  Rxc8 {[%clk 0:00:12]} 29. Rxc8 {[%clk 0:00:50]}  Bxf2 {[%clk 0:00:12]} 30. Rc7 {[%clk 0:00:50]}  h5 {[%clk 0:00:11]} 31. Rxa7 {[%clk 0:00:49]}  Bxh4 {[%clk 0:00:11]} 32. Kd1 {[%clk 0:00:49]}  f4 {[%clk 0:00:11]} 33. Ke2 {[%clk 0:00:47]}  Kf5 {[%clk 0:00:11]} 34. Rb7 {[%clk 0:00:45]}  Bd8 {[%clk 0:00:11]} 35. b4 {[%clk 0:00:42]}  g5 {[%clk 0:00:10]} 36. c4 {[%clk 0:00:39]}  g4 {[%clk 0:00:10]} 37. Rd7 {[%clk 0:00:34]}  Bf6 {[%clk 0:00:07]} 38. Rd5+ {[%clk 0:00:34]}  Ke4 {[%clk 0:00:04]} 39. Rxh5 {[%clk 0:00:34]}  f3+ {[%clk 0:00:05]} 40. gxf3+ {[%clk 0:00:34]}  gxf3+ {[%clk 0:00:06]} 41. Kf1 {[%clk 0:00:34]}  Bb2 {[%clk 0:00:06]} 42. a4 {[%clk 0:00:33]}  Kd4 {[%clk 0:00:06]} 43. c5 {[%clk 0:00:32]}  bxc5 {[%clk 0:00:06]} 44. bxc5 {[%clk 0:00:32]}  Bc3 {[%clk 0:00:04]} 45. c6 {[%clk 0:00:32]}  Ba5 {[%clk 0:00:04]} 46. Rxa5 {[%clk 0:00:31]} 1-0

[Event "April 9 Early 2024"]
[Site "Chess.com"]
[Date "2024.04.09"]
[Round "2"]
[White "Piorun, Kacper"]
[Black "Grochal, Joey"]
[Result "1-0"]
[Board "78"]
[WhiteFideId "1130420"]
[BlackFideId "1019945"]
[WhiteTitle "GM"]
[BlackTitle "FM"]
[WhiteElo "2820"]
[BlackElo "2571"]
[WhiteTeam "POL"]
[BlackTeam "NED"]
[WhiteClock "0:00:09"]
[BlackClock "0:00:00"]
[Variant "Standard"]

1. e4 {[%clk 0:03:00]}  e5 {[%clk 0:02:59]} 2. Nf3 {[%clk 0:03:00]}  Nc6 {[%clk 0:02:58]} 3. Bb5 {[%clk 0:03:00]}  a6 {[%clk 0:02:58]} 4. Ba4 {[%clk 0:02:59]}  Nf6 {[%clk 0:02:58]} 5. O-O {[%clk 0:02:58]}  b5 {[%clk 0:02:55]} 6. Bb3 {[%clk 0:02:58]}  Be7 {[%clk 0:02:56]} 7. d3 {[%clk 0:02:55]}  O-O {[%clk 0:02:55]} 8. a4 {[%clk 0:02:51]}  b4 {[%clk 0:02:52]} 9. a5 {[%clk 0:02:50]}  d5 {[%clk 0:02:45]} 10. exd5 {[%clk 0:02:24]}  Nxd5 {[%clk 0:02:44]} 11. Re1 {[%clk 0:02:24]}  Bg4 {[%clk 0:02:39]} 12. h3 {[%clk 0:02:23]}  Bh5 {[%clk 0:02:24]} 13. Nbd2 {[%clk 0:02:22]}  f6 {[%clk 0:02:01]} 14. Qe2 {[%clk 0:02:13]}  Bf7 {[%clk 0:01:45]} 15. Nc4 {[%clk 0:02:05]}  Bc5 {[%clk 0:01:33]} 16. Bd2 {[%clk 0:01:44]}  Rb8 {[%clk 0:01:28]} 17. Rab1 {[%clk 0:01:35]}  Nd4 {[%clk 0:01:20]} 18. Nxd4 {[%clk 0:01:34]}  Bxd4 {[%clk 0:01:21]} 19. Be3 {[%clk 0:01:23]}  Nxe3 {[%clk 0:01:17]} 20. fxe3 {[%clk 0:01:23]}  Bc5 {[%clk 0:01:13]} 21. Rf1 {[%clk 0:01:23]}  Kh8 {[%clk 0:01:04]} 22. Kh1 {[%clk 0:01:23]}  Qd7 {[%clk 0:00:56]} 23. Nd2 {[%clk 0:01:12]}  Bxb3 {[%clk 0:00:51]} 24. Nxb3 {[%clk 0:01:12]}  Bd6 {[%clk 0:00:51]} 25. Nd2 {[%clk 0:01:13]}  Rb5 {[%clk 0:00:50]} 26. Nc4 {[%clk 0:01:12]}  b3 {[%clk 0:00:47]} 27. c3 {[%clk 0:01:12]}  c6 {[%clk 0:00:37]} 28. e4 {[%clk 0:01:11]}  Bc7 {[%clk 0:00:37]} 29. Rf3 {[%clk 0:01:09]}  Bxa5 {[%clk 0:00:35]} 30. Ra1 {[%clk 0:01:09]}  Qc7 {[%clk 0:00:24]} 31. Qf1 {[%clk 0:01:06]}  Ra8 {[%clk 0:00:19]} 32. Ra3 {[%clk 0:01:00]}  Bb6 {[%clk 0:00:18]} 33. Qd1 {[%clk 0:01:00]}  Bc5 {[%clk 0:00:15]} 34. Rxb3 {[%clk 0:01:00]}  Rab8 {[%clk 0:00:16]} 35. Rxb5 {[%clk 0:00:42]}  axb5 {[%clk 0:00:17]} 36. Nd2 {[%clk 0:00:43]}  b4 {[%clk 0:00:17]} 37. Nc4 {[%clk 0:00:42]}  bxc3 {[%clk 0:00:17]} 38. bxc3 {[%clk 0:00:42]}  Qb7 {[%clk 0:00:16]} 39. Rf1 {[%clk 0:00:42]}  Kg8 {[%clk 0:00:15]} 40. Qg4 {[%clk 0:00:41]}  Qc8 {[%clk 0:00:14]} 41. Qe2 {[%clk 0:00:34]}  Qd7 {[%clk 0:00:14]} 42. Kh2 {[%clk 0:00:32]}  Rd8 {[%clk 0:00:14]} 43. Rf3 {[%clk 0:00:32]}  Qe6 {[%clk 0:00:13]} 44. Qb2 {[%clk 0:00:29]}  Qd7 {[%clk 0:00:13]} 45. Qb3 {[%clk 0:00:29]}  Kh8 {[%clk 0:00:13]} 46. Qa4 {[%clk 0:00:29]}  Qc7 {[%clk 0:00:13]} 47. Qc2 {[%clk 0:00:26]}  Rb8 {[%clk 0:00:12]} 48. Qe2 {[%clk 0:00:25]}  Qb7 {[%clk 0:00:12]} 49. Rf1 {[%clk 0:00:24]}  Qb3 {[%clk 0:00:12]} 50. Qd2 {[%clk 0:00:20]}  Ra8 {[%clk 0:00:12]} 51. Rc1 {[%clk 0:00:18]}  Ra2 {[%clk 0:00:11]} 52. Qd1 {[%clk 0:00:18]}  Qxd1 {[%clk 0:00:11]} 53. Rxd1 {[%clk 0:00:19]}  Rc2 {[%clk 0:00:11]} 54. Rb1 {[%clk 0:00:20]}  h5 {[%clk 0:00:11]} 55. Rb8+ {[%clk 0:00:20]}  Kh7 {[%clk 0:00:11]} 56. Rc8 {[%clk 0:00:20]}  Rxc3 {[%clk 0:00:11]} 57. Rxc6 {[%clk 0:00:21]}  Bf2 {[%clk 0:00:10]} 58. Nxe5 {[%clk 0:00:18]}  Ra3 {[%clk 0:00:07]} 59. Rc2 {[%clk 0:00:13]}  Be3 {[%clk 0:00:04]} 60. Nf3 {[%clk 0:00:11]}  Rxd3 {[%clk 0:00:04]} 61. g3 {[%clk 0:00:11]}  Bd4 {[%clk 0:00:04]} 62. Kg2 {[%clk 0:00:11]}  Be5 {[%clk 0:00:02]} 63. Nxe5 {[%clk 0:00:12]}  fxe5 {[%clk 0:00:02]} 64. Rc5 {[%clk 0:00:12]}  Rd2+ {[%clk 0:00:02]} 65. Kf3 {[%clk 0:00:13]}  Rd3+ {[%clk 0:00:03]} 66. Kf2 {[%clk 0:00:14]}  Rd2+ {[%clk 0:00:03]} 67. Ke3 {[%clk 0:00:14]}  Rh2 {[%clk 0:00:03]} 68. h4 {[%clk 0:00:14]}  Rg2 {[%clk 0:00:04]} 69. Kf3 {[%clk 0:00:15]}  Ra2 {[%clk 0:00:04]} 70. Rxe5 {[%clk 0:00:15]}  g6 {[%clk 0:00:04]} 71. Rd5 {[%clk 0:00:13]}  Kg7 {[%clk 0:00:04]} 72. Kf4 {[%clk 0:00:12]}  Ra3 {[%clk 0:00:03]} 73. Rd4 {[%clk 0:00:10]}  Kf6 {[%clk 0:00:03]} 74. e5+ {[%clk 0:00:09]}  Kf7 {[%clk 0:00:02]} 75. Rd7+ {[%clk 0:00:09]}  Kg8 {[%clk 0:00:02]} 76. Kg5 {[%clk 0:00:08]}  Rxg3+ {[%clk 0:00:01]} 77. Kf6 {[%clk 0:00:09]}  Rf3+ {[%clk 0:00:00]} 78. Kxg6 {[%clk 0:00:09]} 1-0

[Event "April 9 Early 2024"]
[Site "Chess.com"]
[Date "2024.04.09"]
[Round "2"]
[White "Hulka, Valentyn"]
[Black "Yezhel, Valiantsin"]
[Result "1-0"]
[Board "80"]
[WhiteFideId "34107061"]
[BlackFideId "13504983"]
[WhiteTitle "FM"]
[BlackTitle "FM"]
[WhiteElo "2812"]
[BlackElo "2570"]
[WhiteTeam "UKR"]
[BlackTeam "FID"]
[WhiteClock "0:00:31"]
[BlackClock "0:00:08"]
[Variant "Standard"]

1. d4 {[%clk 0:03:00]}  d5 {[%clk 0:02:59]} 2. c4 {[%clk 0:03:01]}  e6 {[%clk 0:02:59]} 3. Nf3 {[%clk 0:03:01]}  c6 {[%clk 0:02:59]} 4. g3 {[%clk 0:03:02]}  dxc4 {[%clk 0:02:59]} 5. Bg2 {[%clk 0:03:02]}  b5 {[%clk 0:02:59]} 6. O-O {[%clk 0:03:02]}  Bb7 {[%clk 0:02:59]} 7. b3 {[%clk 0:03:02]}  cxb3 {[%clk 0:02:59]} 8. axb3 {[%clk 0:03:01]}  Nd7 {[%clk 0:02:59]} 9. Nc3 {[%clk 0:02:59]}  Ngf6 {[%clk 0:02:59]} 10. Bg5 {[%clk 0:02:52]}  Be7 {[%clk 0:02:57]} 11. Ne5 {[%clk 0:02:53]}  Nd5 {[%clk 0:02:46]} 12. Bxe7 {[%clk 0:02:46]}  Qxe7 {[%clk 0:02:35]} 13. Ne4 {[%clk 0:02:38]}  O-O {[%clk 0:02:29]} 14. Nxd7 {[%clk 0:02:33]}  Qxd7 {[%clk 0:02:28]} 15. Qc2 {[%clk 0:02:33]}  a5 {[%clk 0:02:22]} 16. Rfc1 {[%clk 0:02:25]}  Rfc8 {[%clk 0:02:10]} 17. e3 {[%clk 0:02:23]}  h6 {[%clk 0:02:08]} 18. Qd2 {[%clk 0:02:13]}  b4 {[%clk 0:01:41]} 19. h4 {[%clk 0:02:01]}  Qc7 {[%clk 0:01:35]} 20. Rc2 {[%clk 0:01:41]}  Ba6 {[%clk 0:01:33]} 21. Rc5 {[%clk 0:01:24]}  Bb5 {[%clk 0:01:29]} 22. Rcc1 {[%clk 0:01:12]}  a4 {[%clk 0:01:12]} 23. bxa4 {[%clk 0:01:12]}  Rxa4 {[%clk 0:01:12]} 24. Rxa4 {[%clk 0:01:10]}  Bxa4 {[%clk 0:01:13]} 25. Nc5 {[%clk 0:01:10]}  Bb5 {[%clk 0:00:39]} 26. Rb1 {[%clk 0:01:07]}  Qa5 {[%clk 0:00:29]} 27. Bxd5 {[%clk 0:00:55]}  cxd5 {[%clk 0:00:29]} 28. Qxb4 {[%clk 0:00:56]}  Qxb4 {[%clk 0:00:29]} 29. Rxb4 {[%clk 0:00:57]}  Bc4 {[%clk 0:00:30]} 30. Kg2 {[%clk 0:00:54]}  Ra8 {[%clk 0:00:24]} 31. Rb7 {[%clk 0:00:54]}  h5 {[%clk 0:00:22]} 32. Nd7 {[%clk 0:00:55]}  f6 {[%clk 0:00:20]} 33. Nc5 {[%clk 0:00:54]}  Re8 {[%clk 0:00:20]} 34. Kf3 {[%clk 0:00:54]}  Kf8 {[%clk 0:00:17]} 35. Kf4 {[%clk 0:00:48]}  Re7 {[%clk 0:00:18]} 36. Rb8+ {[%clk 0:00:45]}  Kf7 {[%clk 0:00:18]} 37. Nb7 {[%clk 0:00:45]}  Kg6 {[%clk 0:00:17]} 38. Nd6 {[%clk 0:00:42]}  Be2 {[%clk 0:00:17]} 39. e4 {[%clk 0:00:38]}  e5+ {[%clk 0:00:16]} 40. dxe5 {[%clk 0:00:37]}  Rxe5 {[%clk 0:00:15]} 41. Rb2 {[%clk 0:00:30]}  dxe4 {[%clk 0:00:15]} 42. Rxe2 {[%clk 0:00:29]}  Rd5 {[%clk 0:00:13]} 43. Nxe4 {[%clk 0:00:29]}  Rd4 {[%clk 0:00:12]} 44. Kf3 {[%clk 0:00:29]}  f5 {[%clk 0:00:12]} 45. Nc5 {[%clk 0:00:28]}  Kf6 {[%clk 0:00:11]} 46. Re6+ {[%clk 0:00:26]}  Kf7 {[%clk 0:00:12]} 47. Re3 {[%clk 0:00:27]}  Kf6 {[%clk 0:00:12]} 48. Ne6 {[%clk 0:00:27]}  Re4 {[%clk 0:00:11]} 49. Nf4 {[%clk 0:00:28]}  Ra4 {[%clk 0:00:10]} 50. Nxh5+ {[%clk 0:00:28]}  Kg6 {[%clk 0:00:11]} 51. Nf4+ {[%clk 0:00:29]}  Kf6 {[%clk 0:00:11]} 52. Re6+ {[%clk 0:00:29]}  Kf7 {[%clk 0:00:11]} 53. Rc6 {[%clk 0:00:30]}  Ra3+ {[%clk 0:00:11]} 54. Kg2 {[%clk 0:00:31]}  Ra4 {[%clk 0:00:12]} 55. h5 {[%clk 0:00:32]}  Ra1 {[%clk 0:00:11]} 56. Kh3 {[%clk 0:00:32]}  Rh1+ {[%clk 0:00:11]} 57. Kg2 {[%clk 0:00:32]}  Ra1 {[%clk 0:00:11]} 58. h6 {[%clk 0:00:33]}  g5 {[%clk 0:00:11]} 59. Nh5 {[%clk 0:00:30]}  Ra8 {[%clk 0:00:10]} 60. h7 {[%clk 0:00:29]}  Rh8 {[%clk 0:00:09]} 61. Rh6 {[%clk 0:00:29]}  g4 {[%clk 0:00:09]} 62. Kf1 {[%clk 0:00:29]}  Ke7 {[%clk 0:00:09]} 63. Ke2 {[%clk 0:00:30]}  Kf7 {[%clk 0:00:10]} 64. Ke3 {[%clk 0:00:30]}  Re8+ {[%clk 0:00:08]} 65. Kf4 {[%clk 0:00:31]} 1-0

[Event "April 9 Early 2024"]
[Site "Chess.com"]
[Date "2024.04.09"]
[Round "2"]
[White "Yuan, Qingyu"]
[Black "Jaskolka, Tomasz"]
[Result "1-0"]
[Board "82"]
[WhiteFideId "8609772"]
[BlackFideId "1170791"]
[BlackTitle "CM"]
[WhiteElo "2809"]
[BlackElo "2566"]
[WhiteTeam "CHN"]
[BlackTeam "POL"]
[WhiteClock "0:00:18"]
[BlackClock "0:00:25"]
[Variant "Standard"]

1. d4 {[%clk 0:03:00]}  d5 {[%clk 0:02:59]} 2. c4 {[%clk 0:03:00]}  e5 {[%clk 0:02:59]} 3. dxe5 {[%clk 0:02:55]}  d4 {[%clk 0:02:59]} 4. Nf3 {[%clk 0:02:56]}  Nc6 {[%clk 0:03:00]} 5. g3 {[%clk 0:02:55]}  Be6 {[%clk 0:02:55]} 6. Nbd2 {[%clk 0:02:50]}  Nge7 {[%clk 0:02:50]} 7. Bg2 {[%clk 0:02:43]}  Ng6 {[%clk 0:02:51]} 8. O-O {[%clk 0:02:36]}  Be7 {[%clk 0:02:48]} 9. Nb3 {[%clk 0:02:32]}  Bxc4 {[%clk 0:02:43]} 10. Nbxd4 {[%clk 0:02:23]}  Ngxe5 {[%clk 0:02:36]} 11. Nxe5 {[%clk 0:02:16]}  Nxe5 {[%clk 0:02:24]} 12. Bxb7 {[%clk 0:02:12]}  Rb8 {[%clk 0:02:24]} 13. Qa4+ {[%clk 0:01:43]}  Qd7 {[%clk 0:02:04]} 14. Qxd7+ {[%clk 0:01:24]}  Kxd7 {[%clk 0:01:53]} 15. Bg2 {[%clk 0:01:05]}  c5 {[%clk 0:01:27]} 16. Nf5 {[%clk 0:01:06]}  Bf6 {[%clk 0:01:04]} 17. Rd1+ {[%clk 0:01:05]}  Kc7 {[%clk 0:01:01]} 18. Bf4 {[%clk 0:00:44]}  g5 {[%clk 0:01:01]} 19. Bxe5+ {[%clk 0:00:44]}  Bxe5 {[%clk 0:01:02]} 20. Rac1 {[%clk 0:00:44]}  Bxe2 {[%clk 0:00:41]} 21. Re1 {[%clk 0:00:35]}  Bxb2 {[%clk 0:00:33]} 22. Rxc5+ {[%clk 0:00:35]}  Kb6 {[%clk 0:00:33]} 23. Rc6+ {[%clk 0:00:35]}  Kb5 {[%clk 0:00:34]} 24. Rxe2 {[%clk 0:00:36]}  Ba3 {[%clk 0:00:33]} 25. Nd4+ {[%clk 0:00:35]}  Ka4 {[%clk 0:00:33]} 26. Ra6+ {[%clk 0:00:35]}  Kb4 {[%clk 0:00:33]} 27. Nc2+ {[%clk 0:00:30]}  Kc3 {[%clk 0:00:32]} 28. Rxa3+ {[%clk 0:00:28]}  Kb2 {[%clk 0:00:32]} 29. Rxa7 {[%clk 0:00:26]}  f5 {[%clk 0:00:29]} 30. Nd4+ {[%clk 0:00:27]}  Kc1 {[%clk 0:00:29]} 31. Rc7+ {[%clk 0:00:26]}  Kd1 {[%clk 0:00:29]} 32. Rcc2 {[%clk 0:00:17]}  Rhd8 {[%clk 0:00:25]} 33. Red2+ {[%clk 0:00:17]}  Ke1 {[%clk 0:00:25]} 34. Nf3# {[%clk 0:00:18]} 1-0